[Event "14th EUR-ch"]
[Site "Minsk BLR"]
[Date "2017.06.02"]
[Round "4.27"]
[White "Sarana, Alexei"]
[Black "Melkumyan, Hrant"]
[Result "0-1"]
[WhiteElo "2472"]
[BlackElo "2613"]
[EventDate "2017.05.30"]
[PlyCount "120"]

1.d4 Nf6 2.c4 g6 3.Nf3 Bg7 4.g3 b6 5.Nc3 Bb7 6.Bg2 Ne4 7.Qc2 Nxc3 8.Qxc3 
c5 9.Be3 O-O 10.O-O d6 11.Qd2 Nd7 12.Rfd1 Qc7 13.Rac1 Be4 14.Bh6 Nf6 15.
Bxg7 Kxg7 16.Ng5 Bxg2 17.Kxg2 cxd4 18.Qxd4 Qc5 19.Nf3 Rfc8 20.Qxc5 bxc5 
21.Ne1 Rcb8 22.Nd3 a5 23.f3 Nd7 24.Kf2 a4 25.Ke1 Rb7 26.Kd2 Nb8 27.Kc3 Nc6
28.e3 Rab8 29.Rd2 Kf8 30.Rb1 Na5 31.f4 e6 32.Rc2 Ke7 33.Kd2 f5 34.Rc3 Kf6 
35.Rbc1 Nc6 36.Ra3 e5 37.fxe5+ Nxe5 38.Rxa4 Nxd3 39.Kxd3 Rxb2 40.Rc2 h5 
41.Kc3 Rxc2+ 42.Kxc2 h4 43.Ra7 hxg3 44.hxg3 Kg5 45.Kd3 Kg4 46.Rg7 g5 47.e4
Ra8 48.exf5 Kxf5 49.Rf7+ Ke6 50.Rg7 Ra3+ 51.Kc2 Kf6 52.Rd7 Rxa2+ 53.Kb3 
Rd2 54.Ka4 Kf5 55.Kb5 Kg4 56.Rg7 Rd3 57.Kc6 Rd4 58.Kb5 d5 59.Kxc5 Rxc4+ 
60.Kxd5 Rc3 0-1

[Event "14th EUR-ch"]
[Site "Minsk BLR"]
[Date "2017.06.02"]
[Round "4.28"]
[White "Hracek, Zbynek"]
[Black "Moroni, Luca jr"]
[Result "1/2-1/2"]
[WhiteElo "2612"]
[BlackElo "2448"]
[EventDate "2017.05.30"]
[PlyCount "117"]

1.e4 e5 2.Nf3 Nc6 3.Bb5 a6 4.Ba4 Nf6 5.O-O b5 6.Bb3 Bc5 7.a4 Rb8 8.Nxe5 
Nxe5 9.d4 Bxd4 10.Qxd4 d6 11.Bf4 O-O 12.f3 c5 13.Qd2 c4 14.Ba2 Qb6+ 15.Be3
Qc7 16.axb5 axb5 17.Nc3 b4 18.Ne2 b3 19.Bb1 bxc2 20.Qxc2 d5 21.Ra7 Rb7 22.
Rxb7 Bxb7 23.exd5 Bxd5 24.Nf4 Ng6 25.Qd2 Bb7 26.Rd1 Re8 27.Nxg6 hxg6 28.
Qd4 Qe7 29.Bf2 Qb4 30.Qb6 Qxb6 31.Bxb6 Nd5 32.Ba5 Nf4 33.Re1 Ra8 34.Bc3 
Nd5 35.Be4 f5 36.Bxd5+ Bxd5 37.Re7 Bf7 38.h4 Re8 39.Rd7 Re2 40.Bd2 Re5 41.
Bc3 Re2 42.Kf1 Rc2 43.Rd8+ Kh7 44.Rd7 Kg8 45.Rb7 Rc1+ 46.Ke2 Rg1 47.Kf2 
Rh1 48.Kg3 Rc1 49.Rb8+ Kh7 50.Rb7 Kg8 51.Rb8+ Kh7 52.Rf8 Be6 53.Re8 Bf7 
54.Re7 Kg8 55.Kf4 Rc2 56.Kg3 Kf8 57.Ra7 Kg8 58.Ra8+ Kh7 59.Rb8 1/2-1/2

[Event "14th EUR-ch"]
[Site "Minsk BLR"]
[Date "2017.06.02"]
[Round "4.29"]
[White "Yakovenko, Dmitry"]
[Black "Pavlidis, Antonios"]
[Result "1/2-1/2"]
[WhiteElo "2718"]
[BlackElo "2539"]
[EventDate "2017.05.30"]
[PlyCount "68"]

1.c4 Nf6 2.Nc3 g6 3.e4 d6 4.d4 Bg7 5.Nf3 O-O 6.h3 e5 7.d5 a5 8.g4 Na6 9.
Be3 Nd7 10.a3 Nb6 11.Rg1 Bd7 12.Nd2 Nc5 13.b3 Qe7 14.g5 f5 15.f3 fxe4 16.
Ncxe4 Bf5 17.Nxc5 dxc5 18.Ne4 Bxe4 19.fxe4 Rf4 20.Qd3 Nc8 21.Be2 Nd6 22.
Bxc5 b6 23.Bxd6 Qxd6 24.Kd2 Raf8 25.Rgf1 Qe7 26.Rg1 Kh8 27.d6 cxd6 28.Qd5 
Rf2 29.Raf1 Rxf1 30.Bxf1 Qf7 31.Qxf7 Rxf7 32.Be2 Bf8 33.h4 Rf4 34.Rg4 Rxg4
1/2-1/2

[Event "14th EUR-ch"]
[Site "Minsk BLR"]
[Date "2017.06.02"]
[Round "4.30"]
[White "Baron, Tal"]
[Black "Kryvoruchko, Yuriy"]
[Result "1/2-1/2"]
[WhiteElo "2540"]
[BlackElo "2714"]
[EventDate "2017.05.30"]
[PlyCount "43"]

1.d4 Nf6 2.c4 e6 3.Nc3 Bb4 4.f3 c5 5.d5 O-O 6.e4 b5 7.e5 Ne8 8.f4 exd5 9.
cxd5 d6 10.Nf3 c4 11.a4 Nd7 12.Be2 Qb6 13.Bd2 Nc7 14.Nxb5 Bxd2+ 15.Nxd2 
Nxd5 16.Nxc4 Qc5 17.Qd2 dxe5 18.fxe5 Ba6 19.Rd1 Bxb5 20.axb5 N5b6 21.Nxb6 
Nxb6 22.Qd4 1/2-1/2

[Event "14th EUR-ch"]
[Site "Minsk BLR"]
[Date "2017.06.02"]
[Round "4.31"]
[White "Ponomariov, Ruslan"]
[Black "Alsina Leal, Daniel"]
[Result "1/2-1/2"]
[WhiteElo "2712"]
[BlackElo "2530"]
[EventDate "2017.05.30"]
[PlyCount "101"]

1.e4 c6 2.d4 d5 3.Nc3 dxe4 4.Nxe4 Bf5 5.Ng3 Bg6 6.Nh3 e6 7.Nf4 Bd6 8.c3 
Nf6 9.h4 Bxf4 10.Bxf4 h6 11.Qb3 Qe7 12.h5 Bh7 13.Be2 O-O 14.Nf1 Nd5 15.Bg3
a5 16.a4 Na6 17.Ne3 c5 18.Bh4 Qc7 19.Rd1 cxd4 20.Nxd5 exd5 21.Rxd4 Rfe8 
22.Qd1 Qe5 23.Rxd5 Qe6 24.Rd6 Qe5 25.Kf1 Be4 26.Bb5 Bc6 27.Bxc6 bxc6 28.
Bg3 Qf5 29.Rh4 Nc5 30.Rf4 Qg5 31.Rg4 Qf5 32.Kg1 Ne4 33.Rd4 Nf6 34.Rh4 c5 
35.Rd3 Re1+ 36.Qxe1 Qxd3 37.Bf4 Re8 38.Be3 Nd5 39.Qf1 Qxf1+ 40.Kxf1 Nxe3+ 
41.fxe3 Rxe3 42.Rf4 Re5 43.g4 Kf8 44.Kf2 Ke7 45.Kf3 g6 46.hxg6 fxg6 47.b4 
cxb4 48.cxb4 axb4 49.Rxb4 Ra5 50.Ke3 Kf6 51.Rb6+ 1/2-1/2

[Event "14th EUR-ch"]
[Site "Minsk BLR"]
[Date "2017.06.02"]
[Round "4.32"]
[White "Alonso Rosell, Alvar"]
[Black "Leko, Peter"]
[Result "1/2-1/2"]
[WhiteElo "2536"]
[BlackElo "2703"]
[EventDate "2017.05.30"]
[PlyCount "27"]

1.d4 Nf6 2.c4 g6 3.Nc3 d5 4.cxd5 Nxd5 5.Bd2 Nb6 6.Nf3 Bg7 7.e4 Bxd4 8.Nxd4
Qxd4 9.Qc2 Nc6 10.Rd1 Qc5 11.Be3 Qa5 12.Bd2 Qc5 13.Be3 Qa5 14.Bd2 1/2-1/2

[Event "14th EUR-ch"]
[Site "Minsk BLR"]
[Date "2017.06.02"]
[Round "4.33"]
[White "Ladva, Ottomar"]
[Black "Tomashevsky, Evgeny"]
[Result "0-1"]
[WhiteElo "2530"]
[BlackElo "2696"]
[EventDate "2017.05.30"]
[PlyCount "106"]

1.d4 Nf6 2.c4 e6 3.Nc3 Bb4 4.e3 O-O 5.Bd3 d5 6.Nf3 c5 7.cxd5 exd5 8.dxc5 
Nbd7 9.O-O Nxc5 10.Ne2 Nxd3 11.Qxd3 Ne4 12.Rd1 Be6 13.Bd2 Nxd2 14.Nxd2 Rc8
15.Nf3 Be7 16.Nf4 Qb6 17.Qb3 Qxb3 18.axb3 Bc5 19.Ng5 Rc6 20.Nxd5 Bxd5 21.
Rxd5 Be7 22.Ne4 Rfc8 23.g4 a6 24.Kg2 Kf8 25.Rad1 Rb6 26.R1d3 Rc2 27.Rd7 g6
28.Rd2 Rcc6 29.R7d3 Rb5 30.f4 Rcb6 31.Kf3 Rxb3 32.Rxb3 Rxb3 33.g5 Ke8 34.
h4 a5 35.Rc2 Kd7 36.Nd2 Rb5 37.Ke4 f5+ 38.Kd3 Bf8 39.b3 Rb4 40.Rc1 b5 41.
h5 a4 42.bxa4 bxa4 43.hxg6 hxg6 44.Rh1 a3 45.Ra1 Ra4 46.Nc4 Ke6 47.Ra2 Ra6
48.Kd4 Ra7 49.Kd3 Kd5 50.Nd2 Ra4 51.Nb1 Bb4 52.e4+ fxe4+ 53.Ke3 Ra7 0-1

[Event "14th EUR-ch"]
[Site "Minsk BLR"]
[Date "2017.06.02"]
[Round "4.34"]
[White "Mamedov, Rauf"]
[Black "Gorovets, Andrey"]
[Result "1-0"]
[WhiteElo "2689"]
[BlackElo "2524"]
[EventDate "2017.05.30"]
[PlyCount "119"]

1.e4 d5 2.exd5 Qxd5 3.Nc3 Qa5 4.d4 Nf6 5.a3 c6 6.Bd3 Bg4 7.Nf3 e6 8.h3 Bh5
9.Bd2 Nbd7 10.Qe2 Qc7 11.O-O-O O-O-O 12.Kb1 Nb6 13.g4 Bg6 14.Bg5 Bxd3 15.
Rxd3 Nc4 16.Rdd1 Nd6 17.Ne5 Re8 18.Na2 Nd5 19.Bc1 f6 20.Nd3 Qb6 21.c3 Nc4 
22.Ka1 Na5 23.b4 Nb3+ 24.Kb2 Nxc1 25.Naxc1 Bd6 26.Qc2 Nf4 27.Nxf4 Bxf4 28.
Nb3 Qc7 29.Rhe1 b6 30.a4 g6 31.a5 Kd7 32.Qe4 Re7 33.d5 cxd5 34.Rxd5+ Ke8 
35.Rd4 Kf7 36.Rc4 Qe5 37.Qh1 Qb8 38.Nd4 Rc8 39.Nc6 Qb7 40.Qe4 f5 41.gxf5 
gxf5 42.Qf3 bxa5 43.Qh5+ Kf8 44.Nxa5 Qb8 45.Qh4 Rxc4 46.Nxc4 Rf7 47.Rxe6 
Qc8 48.Re1 Qc7 49.Ne3 Be5 50.Nd5 Qd6 51.Qc4 Kg7 52.f4 Bf6 53.Kb3 a5 54.
Rg1+ Kh6 55.Ne3 Bxc3 56.Qxc3 Qxf4 57.Nd5 Qe4 58.Qc1+ f4 59.Qc6+ Kh5 60.
Nf6+ 1-0

[Event "14th EUR-ch"]
[Site "Minsk BLR"]
[Date "2017.06.02"]
[Round "4.35"]
[White "Bernadsky, Vitaliy"]
[Black "Howell, David"]
[Result "0-1"]
[WhiteElo "2529"]
[BlackElo "2684"]
[EventDate "2017.05.30"]
[PlyCount "50"]

1.d4 Nf6 2.c4 g6 3.Nc3 d5 4.cxd5 Nxd5 5.Bd2 Bg7 6.e4 Nb6 7.Be3 O-O 8.h3 e5
9.Nf3 exd4 10.Nxd4 Qe7 11.Qe2 c5 12.Nb3 Na6 13.Qc2 c4 14.Nd2 Be6 15.a4 Nb4
16.Qb1 f5 17.Be2 Rad8 18.a5 f4 19.Bxb6 axb6 20.Nxc4 Qc5 21.Nxb6 Bxc3+ 22.
bxc3 Qxc3+ 23.Kf1 Rd2 24.Qc1 Nc2 25.Rb1 Rxe2 0-1

[Event "14th EUR-ch"]
[Site "Minsk BLR"]
[Date "2017.06.02"]
[Round "4.36"]
[White "Harutyunian, Tigran"]
[Black "Movsesian, Sergei"]
[Result "1-0"]
[WhiteElo "2523"]
[BlackElo "2680"]
[EventDate "2017.05.30"]
[PlyCount "111"]

1.Nf3 d5 2.g3 Bg4 3.Bg2 Nd7 4.d4 e6 5.O-O Ngf6 6.Nbd2 h6 7.Re1 Bf5 8.c4 c6
9.Qb3 Qb6 10.c5 Qc7 11.Nh4 Bh7 12.e4 g5 13.exd5 cxd5 14.Nhf3 Bg7 15.Nf1 
Ne4 16.Be3 O-O 17.Rac1 f5 18.N3d2 f4 19.Nxe4 fxe3 20.Nxe3 dxe4 21.Bxe4 
Bxe4 22.Qxe6+ Kh8 23.Qxe4 Rae8 24.Qd3 Rd8 25.Nd5 Nxc5 26.dxc5 Qf7 27.Rcd1 
Qxf2+ 28.Kh1 Qxc5 29.b4 Qf2 30.Re2 Qf7 31.Re7 Qf5 32.Re2 Qh3 33.Kg1 Rf5 
34.Qb1 Rdf8 35.Ne3 Re5 36.Qg6 Re6 37.Qd3 Qh5 38.Ree1 Qf3 39.Qe2 Bc3 40.Rd8
Qf6 41.Rxf8+ Qxf8 42.Rd1 Qe7 43.Qc4 Rc6 44.Qd3 Bxb4 45.Qd4+ Kh7 46.Nd5 Bc5
47.Nxe7 Bxd4+ 48.Rxd4 Rc1+ 49.Kf2 Rc2+ 50.Kf3 Rxa2 51.h3 a5 52.Rd7 b5 53.
Kg4 b4 54.Kh5 Kg7 55.Nd5+ Kf8 56.Kg6 1-0

[Event "14th EUR-ch"]
[Site "Minsk BLR"]
[Date "2017.06.02"]
[Round "4.37"]
[White "Ragger, Markus"]
[Black "Kveinys, Aloyzas"]
[Result "1/2-1/2"]
[WhiteElo "2680"]
[BlackElo "2520"]
[EventDate "2017.05.30"]
[PlyCount "73"]

1.Nf3 Nf6 2.g3 c5 3.Bg2 g6 4.d4 cxd4 5.Nxd4 Bg7 6.c4 O-O 7.Nc3 Nc6 8.O-O 
Nxd4 9.Qxd4 d6 10.Qd3 a6 11.Bd2 Rb8 12.c5 Bf5 13.e4 dxc5 14.Qxd8 Rbxd8 15.
Bg5 Be6 16.e5 Ng4 17.Bxe7 Nxe5 18.Bxd8 Rxd8 19.Rad1 Rb8 20.b3 c4 21.Nd5 b5
22.bxc4 bxc4 23.Rc1 Rb2 24.a3 Bf8 25.Nc7 Bg4 26.Nxa6 Be2 27.Rfe1 Bxa3 28.
Bd5 Nd3 29.Rxe2 Rxe2 30.Rxc4 Nxf2 31.Kf1 Rd2 32.Bf3 Nh3 33.Be2 h5 34.Nc7 
Bd6 35.Nb5 Be5 36.Na3 Kg7 37.Rc2 1/2-1/2

[Event "14th EUR-ch"]
[Site "Minsk BLR"]
[Date "2017.06.02"]
[Round "4.38"]
[White "Sivuk, Vitaly"]
[Black "Rakhmanov, Alexander"]
[Result "0-1"]
[WhiteElo "2520"]
[BlackElo "2676"]
[EventDate "2017.05.30"]
[PlyCount "166"]

1.Nf3 d5 2.c4 e6 3.d4 a6 4.g3 dxc4 5.Bg2 b5 6.Ne5 c6 7.Nxc6 Qb6 8.Nxb8 
Rxb8 9.O-O Bb7 10.e4 Nf6 11.Nc3 Be7 12.d5 O-O 13.Qe2 Bc5 14.Bg5 e5 15.Kh1 
Ne8 16.Rae1 Nd6 17.Be3 Bxe3 18.Qxe3 Qxe3 19.Rxe3 b4 20.Nb1 a5 21.Rc1 Rbc8 
22.Kg1 Rc5 23.Bf1 Rfc8 24.f3 Ba6 25.Nd2 Bb5 26.Kf2 f6 27.Nb1 Kf7 28.Be2 
Ke7 29.h4 Ba6 30.Nd2 Bb5 31.Nb1 R8c7 32.Bf1 Ba6 33.Nd2 Bb5 34.Nb1 h6 35.h5
Be8 36.g4 Nb5 37.Ke1 Nd4 38.Be2 Bb5 39.Bd1 Rc8 40.Kd2 R5c7 41.Re1 Kd6 42.
Rh1 Be8 43.Rh3 a4 44.Ke3 c3 45.bxc3 bxc3 46.Bc2 Kc5 47.Rh2 Kb4 48.a3+ Kc5 
49.Bd3 Kd6 50.Ba6 Rb8 51.Nxc3 Rb3 52.Kd3 Bb5+ 53.Bxb5 Nxb5 54.Rhc2 Nxa3 
55.Ra2 Nb5 56.Rac2 a3 57.Kd2 Nd4 58.Ra2 Nxf3+ 59.Kd3 Nd4 60.Kd2 Nf3+ 61.
Kd3 Nd4 62.Kd2 Kd7 63.Na4 Rxc1 64.Kxc1 Kd6 65.Kd2 Rg3 66.Nc3 Rg2+ 67.Kd3 
Rxa2 68.Nxa2 Kc5 69.Kc3 Nb5+ 70.Kb3 Nd6 71.Nc3 Kd4 72.Kb4 Kd3 73.Kb3 a2 
74.Nxa2 Kxe4 75.Nb4 Kd4 76.Kc2 Kc4 77.Na6 Kxd5 78.Kd3 e4+ 79.Ke3 Ke5 80.
Nc5 Nc4+ 81.Ke2 Kf4 82.Ne6+ Kxg4 83.Nxg7 f5 0-1

[Event "14th EUR-ch"]
[Site "Minsk BLR"]
[Date "2017.06.02"]
[Round "4.39"]
[White "Grandelius, Nils"]
[Black "Moskalenko, Alexander"]
[Result "1/2-1/2"]
[WhiteElo "2665"]
[BlackElo "2514"]
[EventDate "2017.05.30"]
[PlyCount "85"]

1.Nf3 d5 2.g3 c6 3.Bg2 Bg4 4.h3 Bh5 5.O-O Nd7 6.d4 e6 7.c4 Ngf6 8.cxd5 
exd5 9.Qb3 Qb6 10.Qe3+ Be7 11.Nh4 Bg6 12.Nxg6 hxg6 13.Nc3 a5 14.b3 Qd8 15.
Ba3 Nf8 16.Na4 Ne6 17.Nc5 Nxc5 18.Bxc5 Kf8 19.Rfc1 Bxc5 20.Rxc5 Nd7 21.Rc3
g5 22.Rb1 Qe7 23.Qd2 Rh6 24.Re3 Qb4 25.Qd1 Re8 26.Rxe8+ Kxe8 27.e3 Re6 28.
Qc1 Kf8 29.a3 Qd6 30.Ra1 Re8 31.b4 axb4 32.axb4 b5 33.Ra7 Nb6 34.Qc5 Qxc5 
35.dxc5 Nc4 36.Rc7 Re6 37.Rc8+ Ke7 38.Bf3 f5 39.Rc7+ Kf6 40.Kg2 Ne5 41.Be2
g4 42.hxg4 fxg4 43.Rc8 1/2-1/2

[Event "14th EUR-ch"]
[Site "Minsk BLR"]
[Date "2017.06.02"]
[Round "4.41"]
[White "Zviagintsev, Vadim"]
[Black "Kotronias, Vasilios"]
[Result "1/2-1/2"]
[WhiteElo "2661"]
[BlackElo "2508"]
[EventDate "2017.05.30"]
[PlyCount "62"]

1.e4 d5 2.exd5 Qxd5 3.Nc3 Qd6 4.d4 Nf6 5.Nf3 c6 6.h3 Bf5 7.Bd3 Bxd3 8.Qxd3
Nbd7 9.O-O e6 10.Re1 Be7 11.Ne2 O-O 12.Bf4 Qb4 13.a4 c5 14.c3 Qb6 15.a5 
Qc6 16.c4 Rfd8 17.d5 exd5 18.Nc3 d4 19.Rxe7 dxc3 20.Qxc3 Re8 21.Rae1 h6 
22.Nh4 Nf8 23.Nf5 Ng6 24.Bxh6 Nxe7 25.Rxe7 g6 26.Bg5 gxf5 27.Bxf6 Rxe7 28.
Bxe7 Re8 29.Qg3+ Qg6 30.Qc7 f4 31.Qd7 Qc6 1/2-1/2

[Event "14th EUR-ch"]
[Site "Minsk BLR"]
[Date "2017.06.02"]
[Round "4.42"]
[White "Mastrovasilis, Athanasios"]
[Black "Anton Guijarro, David"]
[Result "0-1"]
[WhiteElo "2512"]
[BlackElo "2660"]
[EventDate "2017.05.30"]
[PlyCount "92"]

1.c4 b6 2.b3 Bb7 3.Bb2 Nf6 4.Nf3 g6 5.e3 Bg7 6.Be2 O-O 7.O-O d6 8.Nc3 Ne4 
9.Qc2 Nxc3 10.Bxc3 e5 11.d4 Nd7 12.b4 Re8 13.d5 Bc8 14.e4 Rf8 15.g3 a5 16.
a3 Kh8 17.Nh4 Nf6 18.Ng2 Bh3 19.f4 Nd7 20.Bd3 exf4 21.gxf4 axb4 22.axb4 
Bxc3 23.Qxc3+ Qf6 24.Qxf6+ Nxf6 25.e5 Nh5 26.Rae1 Ra4 27.b5 Ra2 28.Re2 
Rfa8 29.Rf3 Ra1+ 30.Re1 Rxe1+ 31.Nxe1 Ra1 32.Rxh3 Rxe1+ 33.Kf2 Nxf4 34.
Kxe1 Nxh3 35.exd6 cxd6 36.c5 dxc5 37.d6 Ng5 38.Ke2 Kg7 39.d7 Ne6 40.Bc4 
Nd8 41.Ke3 f5 42.Kf4 Kf6 43.h4 h6 44.Bd5 g5+ 45.hxg5+ hxg5+ 46.Ke3 Ke5 0-1

[Event "14th EUR-ch"]
[Site "Minsk BLR"]
[Date "2017.06.02"]
[Round "4.43"]
[White "Grachev, Boris"]
[Black "Dragnev, Valentin"]
[Result "1-0"]
[WhiteElo "2658"]
[BlackElo "2508"]
[EventDate "2017.05.30"]
[PlyCount "135"]

1.d4 Nf6 2.Nf3 d5 3.c4 e6 4.Nc3 c5 5.e3 a6 6.cxd5 exd5 7.g3 Be7 8.Bg2 O-O 
9.O-O Nc6 10.dxc5 Bxc5 11.b3 Bf5 12.Na4 Ba7 13.Ba3 Re8 14.Bc5 Bxc5 15.Nxc5
Qe7 16.Rc1 Bg4 17.h3 Bxf3 18.Bxf3 Rad8 19.Bg2 Ne4 20.Nxe4 dxe4 21.Qe2 Nb4 
22.Rc4 f5 23.Rfc1 b5 24.Rc7 Rd7 25.Rxd7 Qxd7 26.Rd1 Nd3 27.Bf1 Rd8 28.Qc2 
Rc8 29.Qd2 Rd8 30.Qa5 Qd6 31.a4 Rb8 32.Qc3 Rd8 33.Qa5 Rb8 34.axb5 axb5 35.
Qc3 Rd8 36.Ra1 Qd7 37.Ra6 Rc8 38.Qa5 h6 39.Qb6 Rc2 40.Ra7 Qe8 41.Bxd3 exd3
42.Qd4 Qg6 43.Qd5+ Kh7 44.Qxd3 f4 45.Qxg6+ Kxg6 46.gxf4 Rb2 47.Rb7 Rxb3 
48.Kg2 Rb2 49.Kg3 Rb3 50.h4 h5 51.Rb6+ Kf7 52.f5 Rb1 53.Rb7+ Kf6 54.Kf4 
Rh1 55.Rb6+ Kf7 56.Kg5 Rh2 57.Rb7+ Kf8 58.Kxh5 Rxf2 59.Rxb5 Kf7 60.Kg4 
Rg2+ 61.Kf3 Rh2 62.Kg3 Re2 63.Kf4 Rh2 64.Rb7+ Kf6 65.Rb6+ Kf7 66.Kg3 Re2 
67.Re6 g6 68.Kf3 1-0

[Event "14th EUR-ch"]
[Site "Minsk BLR"]
[Date "2017.06.02"]
[Round "4.44"]
[White "Esipenko, Andrey"]
[Black "Jones, Gawain"]
[Result "1/2-1/2"]
[WhiteElo "2509"]
[BlackElo "2654"]
[EventDate "2017.05.30"]
[PlyCount "202"]

1.d4 Nf6 2.c4 e6 3.Nf3 Nc6 4.g3 Bb4+ 5.Bd2 Bxd2+ 6.Qxd2 Qe7 7.Nc3 d5 8.Ne5
dxc4 9.Nxc6 bxc6 10.Bg2 O-O 11.O-O Rb8 12.Rfd1 Rd8 13.Qc2 Ba6 14.Bxc6 Nd5 
15.Bxd5 exd5 16.Na4 Bc8 17.b3 Bg4 18.Re1 Qf6 19.Qd2 Re8 20.Nc5 Re7 21.f3 
Bh3 22.Qf4 Qd6 23.Kf2 h6 24.bxc4 dxc4 25.Qxd6 cxd6 26.Ne4 Be6 27.Rab1 Reb7
28.Rxb7 Rxb7 29.Nc3 Kf8 30.d5 Bf5 31.Ke3 Rb2 32.Rd1 Ke7 33.Rd2 Rb4 34.Kd4 
g5 35.Nd1 Bb1 36.Nc3 Bf5 37.Nd1 Bb1 38.a3 Rb3 39.Nc3 Bf5 40.Ra2 Bb1 41.Ra1
Bc2 42.Kxc4 Rb2 43.Kd4 Bf5 44.Ra2 Rb8 45.e4 Bd7 46.f4 a5 47.e5 gxf4 48.
exd6+ Kxd6 49.Ne4+ Ke7 50.gxf4 Bf5 51.Ng3 Bb1 52.Re2+ Kd7 53.Nh5 Kd6 54.
Nf6 a4 55.Ng4 Rb3 56.Ne5 f6 57.Nc4+ Kd7 58.d6 Rb5 59.Re7+ Kd8 60.Ra7 Ba2 
61.Ne3 Bb3 62.f5 h5 63.h4 Ba2 64.Rh7 Rb1 65.Rh6 Rh1 66.Rxh5 Kd7 67.Rh6 
Kxd6 68.Rxf6+ Ke7 69.Rh6 Bf7 70.Ra6 Rxh4+ 71.Ke5 Kf8 72.Ng2 Rc4 73.Nf4 Kg7
74.f6+ Kg8 75.Ra8+ Kh7 76.Ra7 Kg8 77.Ne6 Bxe6 78.Kxe6 Re4+ 79.Kd5 Rf4 80.
Ke5 Rh4 81.Ke6 Re4+ 82.Kf5 Rc4 83.Ke5 Kf8 84.Kd6 Rf4 85.f7 Rf6+ 86.Kc5 
Rxf7 87.Rxa4 Rf3 88.Kd6 Rd3+ 89.Kc7 Rc3+ 90.Kd8 Rd3+ 91.Kc7 Rc3+ 92.Kd7 
Rd3+ 93.Ke6 Re3+ 94.Kd6 Rd3+ 95.Kc5 Ke7 96.Re4+ Kd7 97.Rd4+ Rxd4 98.Kxd4 
Kc6 99.a4 Kb7 100.a5 Ka6 101.Kc5 Kxa5 1/2-1/2

[Event "14th EUR-ch"]
[Site "Minsk BLR"]
[Date "2017.06.02"]
[Round "4.45"]
[White "Soffer, Ram"]
[Black "Kravtsiv, Martyn"]
[Result "0-1"]
[WhiteElo "2508"]
[BlackElo "2653"]
[EventDate "2017.05.30"]
[PlyCount "62"]

1.b3 e5 2.Bb2 Nc6 3.e3 Nf6 4.Bb5 Bd6 5.Ne2 a6 6.Bxc6 dxc6 7.d3 Qe7 8.Nd2 
h5 9.h3 Be6 10.e4 O-O-O 11.f4 exf4 12.O-O Ng4 13.hxg4 hxg4 14.e5 Bc5+ 15.
d4 f3 16.Nxf3 gxf3 17.Rxf3 Bg4 18.Re3 Bxd4 19.Bxd4 c5 20.c3 cxd4 21.cxd4 
Qh4 22.Re4 f5 23.exf6 Rdf8 24.Rxg4 Qxg4 25.fxg7 Qxg7 26.Qd3 Qh6 27.Qh3+ 
Qxh3 28.gxh3 Rxh3 29.Rf1 Rh1+ 30.Kxh1 Rxf1+ 31.Kg2 Ra1 0-1

[Event "14th EUR-ch"]
[Site "Minsk BLR"]
[Date "2017.06.02"]
[Round "4.46"]
[White "Godena, Michele"]
[Black "Sargissian, Gabriel"]
[Result "0-1"]
[WhiteElo "2506"]
[BlackElo "2650"]
[EventDate "2017.05.30"]
[PlyCount "120"]

1.e4 g6 2.d4 Bg7 3.c3 d6 4.Nf3 Nf6 5.Bd3 Nbd7 6.O-O e5 7.Re1 O-O 8.Nbd2 b6
9.Nc4 Re8 10.Bg5 h6 11.Bh4 Bb7 12.Qc2 Qc8 13.dxe5 dxe5 14.b4 Nh5 15.Bf1 a5
16.bxa5 bxa5 17.Nfd2 a4 18.Ne3 Nc5 19.f3 Nf4 20.Ndc4 Bc6 21.Rad1 a3 22.Rd2
h5 23.Bf2 Bf8 24.Nd5 Nxd5 25.exd5 Ba4 26.Qb1 Rb8 27.Qc1 Bb5 28.d6 Bxc4 29.
Bxc4 Bxd6 30.Rde2 Kg7 31.f4 Nd7 32.f5 Qd8 33.fxg6 fxg6 34.Be3 Kh7 35.Rf1 
Rf8 36.Ref2 Rxf2 37.Rxf2 Nf6 38.Qf1 Be7 39.Bb3 Ng4 40.Rf7+ Kh8 41.Qa6 Qd6 
42.Qxd6 Bxd6 43.Bc1 e4 44.g3 Ne5 45.Rf1 Bc5+ 46.Kg2 e3 47.Bc2 Rd8 48.Re1 
Nd3 49.Bxd3 Rxd3 50.c4 Rc3 51.Kf3 e2+ 52.Kxe2 Rc2+ 53.Kd3 Rxa2 54.Re5 Bd6 
55.Ra5 Rxh2 56.Bxa3 Bxg3 57.Ke4 Rh4+ 58.Kf3 Rg4 59.Be7 Bd6 60.Bf6+ Kg8 0-1

[Event "14th EUR-ch"]
[Site "Minsk BLR"]
[Date "2017.06.02"]
[Round "4.47"]
[White "Swiercz, Dariusz"]
[Black "Meskovs, Nikita"]
[Result "1/2-1/2"]
[WhiteElo "2649"]
[BlackElo "2504"]
[EventDate "2017.05.30"]
[PlyCount "85"]

1.Nf3 Nf6 2.c4 e6 3.Nc3 b6 4.g3 Bb7 5.Bg2 Be7 6.O-O O-O 7.d4 Ne4 8.Bd2 Bf6
9.Be1 Nxc3 10.Bxc3 Be4 11.Rc1 d5 12.Qb3 a5 13.a4 Na6 14.Rfd1 dxc4 15.Qxc4 
Bd5 16.Qd3 Bb3 17.Rd2 Bxa4 18.Ne5 Bxe5 19.Bxa8 Qxa8 20.dxe5 Nc5 21.Qc4 Qe8
22.Re1 Bb5 23.Qg4 Nb3 24.Rdd1 Qc6 25.h4 Qc5 26.h5 h6 27.Qf4 Bc6 28.g4 Qe7 
29.Qg3 Be4 30.Bd2 Bc2 31.Rc1 Nxc1 32.Rxc1 Be4 33.g5 Kh7 34.f3 Bd5 35.Kf2 
hxg5 36.Bxg5 Qb4 37.Rg1 Rg8 38.Bc1 Qf8 39.Be3 c5 40.Qf4 Qe7 41.Qg4 Qf8 42.
Qa4 Qd8 43.Qg4 1/2-1/2

[Event "14th EUR-ch"]
[Site "Minsk BLR"]
[Date "2017.06.02"]
[Round "4.48"]
[White "Jurcik, Marian"]
[Black "Lysyj, Igor"]
[Result "1/2-1/2"]
[WhiteElo "2501"]
[BlackElo "2643"]
[EventDate "2017.05.30"]
[PlyCount "37"]

1.e4 e5 2.Nf3 Nc6 3.Bb5 Nf6 4.O-O Nxe4 5.Re1 Nd6 6.Nxe5 Be7 7.Bf1 Nf5 8.
Nf3 O-O 9.d4 d5 10.c3 Bd6 11.Bd3 Re8 12.Nbd2 Rxe1+ 13.Nxe1 Nce7 14.Ndf3 
Ng6 15.g3 c6 16.Ng2 Nfe7 17.h4 h6 18.h5 Nf8 19.Nfh4 1/2-1/2

[Event "14th EUR-ch"]
[Site "Minsk BLR"]
[Date "2017.06.02"]
[Round "4.49"]
[White "Salomon, Johan"]
[Black "Solak, Dragan"]
[Result "1/2-1/2"]
[WhiteElo "2501"]
[BlackElo "2641"]
[EventDate "2017.05.30"]
[PlyCount "166"]

1.Nf3 d5 2.g3 Bg4 3.Bg2 c6 4.O-O Nd7 5.h3 Bh5 6.d4 e6 7.c4 Bd6 8.Nc3 Ngf6 
9.Qb3 Bxf3 10.Bxf3 Rb8 11.Rd1 O-O 12.Qc2 a6 13.b3 Qe7 14.Bg2 Rfe8 15.e3 
Rbd8 16.a3 Kh8 17.Bb2 Rc8 18.Qe2 Bb8 19.Rac1 Bd6 20.b4 Bb8 21.e4 Nb6 22.
exd5 cxd5 23.cxd5 Nc4 24.dxe6 fxe6 25.Ba1 b5 26.Ne4 Nxe4 27.Bxe4 Kg8 28.
Qh5 g6 29.Qe2 Bd6 30.Rc3 Nb6 31.Re3 Qd7 32.Qg4 Re7 33.Rde1 Nd5 34.Rf3 Bb8 
35.h4 Rf8 36.Rxf8+ Kxf8 37.h5 gxh5 38.Qxh5 Rg7 39.Bb2 Nf6 40.Qf3 Rf7 41.
Bb1 Qd5 42.Qxd5 exd5 43.Re6 Ng4 44.f4 Rf6 45.Rxf6+ Nxf6 46.Bf5 h5 47.Bc8 
Ne4 48.Kg2 Ke7 49.Kh3 Nd6 50.Bxa6 Kf6 51.Kh4 Kg6 52.g4 hxg4 53.Kxg4 Ba7 
54.Bc3 Kf6 55.Ba1 Bb6 56.Bc3 Ba7 57.Bb2 Bb6 58.f5 Nxf5 59.Bxb5 Bxd4 60.
Bxd4+ Nxd4 61.Bd3 Ke5 62.a4 Nc6 63.b5 Na5 64.Kf3 Kd4 65.Bf1 Kc5 66.Ke3 Nb7
67.Kd3 Nd6 68.Kc3 Ne4+ 69.Kd3 Nd6 70.Ke3 Kb4 71.Kd4 Nc8 72.Kxd5 Nb6+ 73.
Kc6 Ka5 74.Be2 Nxa4 75.Bc4 Nb6 76.Bb3 Nc8 77.Kc5 Nb6 78.Be6 Na4+ 79.Kc6 
Nb6 80.Bf5 Na8 81.Bd7 Nb6 82.Be8 Na8 83.b6 Nxb6 1/2-1/2

[Event "14th EUR-ch"]
[Site "Minsk BLR"]
[Date "2017.06.02"]
[Round "4.50"]
[White "Matinian, Nikita"]
[Black "Ivanisevic, Ivan"]
[Result "1/2-1/2"]
[WhiteElo "2491"]
[BlackElo "2638"]
[EventDate "2017.05.30"]
[PlyCount "68"]

1.e4 c5 2.Nf3 e6 3.d4 cxd4 4.Nxd4 Nf6 5.Nc3 d6 6.Be2 Be7 7.Be3 O-O 8.g4 d5
9.exd5 Nxd5 10.Nxd5 Qxd5 11.Bf3 Qa5+ 12.Qd2 Qxd2+ 13.Bxd2 Nd7 14.O-O-O Ne5
15.Be2 Bd7 16.Bf4 Ng6 17.Be3 Rfd8 18.Rd2 Nh4 19.Rhd1 Ba4 20.b3 Be8 21.Nb5 
Rxd2 22.Rxd2 Bxb5 23.Bxb5 Ng2 24.Rd7 Ba3+ 25.Kd2 Nxe3 26.fxe3 Rb8 27.c3 a5
28.e4 g5 29.e5 Bc5 30.h3 Bf2 31.Kd3 Bg3 32.Kd4 b6 33.Ba6 Kf8 34.a4 Ke8 
1/2-1/2

[Event "14th EUR-ch"]
[Site "Minsk BLR"]
[Date "2017.06.02"]
[Round "4.51"]
[White "Oleksiyenko, Mykhaylo"]
[Black "Iljiushenok, Ilia"]
[Result "1/2-1/2"]
[WhiteElo "2636"]
[BlackElo "2489"]
[EventDate "2017.05.30"]
[PlyCount "110"]

1.e4 c5 2.Nf3 e6 3.d4 cxd4 4.Nxd4 Nc6 5.Nc3 Qc7 6.Be2 a6 7.O-O Bc5 8.Nxc6 
dxc6 9.Qd3 b5 10.a4 Bb7 11.Rd1 Nf6 12.Be3 Be7 13.Bd4 O-O 14.e5 Nd7 15.axb5
cxb5 16.Qh3 Rad8 17.Bd3 h6 18.Re1 Nc5 19.Bxc5 Bxc5 20.Qg3 Bb4 21.Re3 Bxc3 
22.bxc3 Kh8 23.Rf1 Qxc3 24.Qh4 Qd4 25.Qe7 Bc6 26.h3 Rde8 27.Qa3 Ra8 28.Rb1
Rfd8 29.Rb4 Qc5 30.Qa5 Rd5 31.Rf4 Rxe5 32.Rxe5 Qxe5 33.Rxf7 Kg8 34.Rc7 Bd5
35.Rd7 Qg5 36.Bf1 Rc8 37.Qxa6 Rxc2 38.Qxb5 Rc1 39.g3 Qf6 40.Rxd5 exd5 41.
Qxd5+ Qf7 42.Qxf7+ Kxf7 43.h4 Kf6 44.Kg2 Ke5 45.Ba6 Rc2 46.Bb7 Rc3 47.f4+ 
Kf5 48.Bf3 Rc2+ 49.Kg1 Ke6 50.Be4 Rb2 51.Bf3 Kd6 52.Be4 Kc5 53.Bf3 Kd4 54.
Bc6 Ke3 55.Bd5 Rb1+ 1/2-1/2

[Event "14th EUR-ch"]
[Site "Minsk BLR"]
[Date "2017.06.02"]
[Round "4.52"]
[White "Teterev, Vitaly"]
[Black "Romanov, Evgeny"]
[Result "1/2-1/2"]
[WhiteElo "2487"]
[BlackElo "2636"]
[EventDate "2017.05.30"]
[PlyCount "69"]

1.Nf3 Nf6 2.g3 b5 3.Bg2 Bb7 4.O-O e6 5.d4 c5 6.Na3 b4 7.Nc4 cxd4 8.Qxd4 d5
9.Nce5 Nbd7 10.Nxd7 Nxd7 11.a3 bxa3 12.b3 Be7 13.Ra2 Bf6 14.Qb4 Qb6 15.
Bxa3 Qxb4 16.Bxb4 Be7 17.Bxe7 Kxe7 18.Rfa1 a6 19.Nd4 Rab8 20.f4 Rhc8 21.e3
Rc3 22.Kf2 Rbc8 23.Ke2 g6 24.Kd2 f6 25.Ne2 R3c7 26.Nc1 e5 27.Bh3 Rd8 28.
Nd3 Nc5 29.Nxc5 Rxc5 30.Ra5 Rxa5 31.Rxa5 Kd6 32.Bf1 Kc7 33.Be2 g5 34.Ra4 
Kb6 35.fxg5 1/2-1/2

[Event "14th EUR-ch"]
[Site "Minsk BLR"]
[Date "2017.06.02"]
[Round "4.53"]
[White "Savchenko, Boris"]
[Black "Hamitevici, Vladimir"]
[Result "0-1"]
[WhiteElo "2634"]
[BlackElo "2487"]
[EventDate "2017.05.30"]
[PlyCount "52"]

1.e4 c6 2.d4 d5 3.e5 Bf5 4.Nf3 e6 5.Be2 Ne7 6.Nbd2 h6 7.Nb3 Nd7 8.a4 Qc7 
9.a5 a6 10.O-O g5 11.Bd2 O-O-O 12.h3 f6 13.exf6 Ng6 14.c4 Nxf6 15.Rc1 g4 
16.hxg4 Nxg4 17.cxd5 Rxd5 18.Bc4 Rg8 19.Re1 Bd6 20.Rc3 Bh2+ 21.Kf1 Nxf2 
22.Kxf2 Qg3+ 23.Kf1 Ne5 24.Ng5 Rf8 25.Nf3 Bh3 26.gxh3 Qg1+ 0-1